header

Family history of osteoporosis (Record no. 70987)

MARC details
000 -LEADER
fixed length control field 01390nam a2200373Ia 4500
082 04 - DEWEY DECIMAL CLASSIFICATION NUMBER
Classification number 616.7/16042
245 00 - TITLE STATEMENT
Title Family history of osteoporosis
260 ## - PUBLICATION, DISTRIBUTION, ETC. (IMPRINT)
Place of publication New York :
Name of publisher Nova Science Publishers,
Year of publication c2009.
300 ## - PHYSICAL DESCRIPTION
Number of Pages xi, 77 p. :
Other physical details ill.
490 1# - SERIES STATEMENT
Series statement Public health in the 21st century series
650 #0 - SUBJECT ADDED ENTRY--TOPICAL TERM
Topical Term Osteoporosis
Topical Term Bones
Topical Term Phenotype.
Topical Term Heredity.
700 1# - ADDED ENTRY--PERSONAL NAME
Personal name Afghani, Afrooz.
856 40 - ELECTRONIC LOCATION AND ACCESS
Uniform Resource Identifier http://site.ebrary.com/lib/rucke/Doc?id=10662903

No items available.

© 2026 Rongo University
Contact us: librarian | system librarian | Rongo university